[Event "C.to Mondiale U12"]
[Site "Caldas Novas BRA"]
[Date "2011.11.23"]
[Round "6"]
[White "Rambaldi, Francesco"]
[Black "Chiang, Jonathan"]
[Result "1/2-1/2"]
[WhiteElo "2211"]
[BlackElo "1951"]
[PlyCount "114"]
[EventDate "2011.11.18"]

1. c4 Nf6 2. Nc3 g6 3. e4 d6 4. d4 Bg7 5. Be2 O-O 6. Bg5 Nbd7 7. Nf3 h6 8. Bh4
e5 9. O-O c6 10. Qd2 Qc7 11. Rfd1 Re8 12. d5 c5 13. Ne1 g5 14. Bg3 Nf8 15. Nd3
Ng6 16. h3 Nf4 17. Qe3 a6 18. a3 N6h5 19. Bxh5 Nxh5 20. Rac1 Nf4 21. Qf3 Rf8
22. Bxf4 gxf4 23. Re1 Qe7 24. b4 b6 25. bxc5 bxc5 26. Rb1 Qc7 27. Rb3 Bd7 28.
Reb1 Rab8 29. Qe2 f5 30. Rxb8 Rxb8 31. Rxb8+ Qxb8 32. Qb2 Qxb2 33. Nxb2 Bf6 34.
f3 Bd8 35. exf5 Bxf5 36. Ne4 Bc7 37. Kf2 h5 38. Nc3 Ba5 39. Ne4 Bc7 40. g4 Bxe4
41. fxe4 hxg4 42. hxg4 Kg7 43. Kf3 Kg6 44. Nd3 Ba5 45. Nc1 Bd8 46. Nd3 Ba5 47.
Nc1 Bd8 48. Ne2 Ba5 49. Ng1 Bc3 50. Kg2 Ba5 51. Nf3 Bd8 52. Kf2 Kh6 53. Ng1 Kg6
54. Ke2 Kh6 55. Kf3 Kg6 56. Nh3 Be7 57. Nf2 Bd8 1/2-1/2

[Event "C.to Mondiale U12"]
[Site "Caldas Novas BRA"]
[Date "2011.11.24"]
[Round "7"]
[White "Sevgi, Volkan"]
[Black "Rambaldi, Francesco"]
[Result "0-1"]
[WhiteElo "1934"]
[BlackElo "2211"]
[PlyCount "126"]
[EventDate "2011.11.18"]

1. e4 c6 2. Nf3 d5 3. Nc3 Bg4 4. h3 Bxf3 5. Qxf3 e6 6. d3 d4 7. Nb1 c5 8. g3
Nc6 9. Bg2 Bd6 10. O-O Nge7 11. Qe2 O-O 12. f4 Bc7 13. Nd2 f6 14. Nb3 b6 15. h4
Qd7 16. Bd2 Rae8 17. Rae1 a5 18. g4 a4 19. Nc1 b5 20. Bh3 f5 21. gxf5 exf5 22.
Qg2 Rf6 23. h5 Ref8 24. Kh1 Rh6 25. Rg1 g6 26. Qg5 Kg7 27. Ne2 Bd8 28. Ng3 Ng8
29. Nxf5+ Kh8 30. hxg6 hxg6 31. Qxh6+ Nxh6 32. Rxg6 Nxf5 33. Bxf5 Rxf5 34. exf5
Qxf5 35. Rg2 Bf6 36. Reg1 Qd5 37. Rf1 Ne7 38. Kg1 Nf5 39. Rff2 Bh4 40. Re2 Qxa2
41. Kh2 Qf7 42. Kg1 b4 43. Re5 Be7 44. Bc1 Bd6 45. Ree2 a3 46. bxa3 bxa3 47.
Rg5 Nh4 48. Rh2 Qh7 49. Rh3 a2 50. Bb2 Bxf4 51. Rg4 Nf3+ 52. Rxf3 Qh2+ 53. Kf1
Bh6 54. Rf2 Qh3+ 55. Rgg2 Be3 56. Rf8+ Kh7 57. Rfg8 Qf3+ 58. Ke1 Bf2+ 59. Rxf2
Qh1+ 60. Rf1 Qh4+ 61. Ke2 Qh5+ 62. Kd2 Qh6+ 63. Kd1 Kxg8 0-1

[Event "C.to Mondiale U12 femminile"]
[Site "Caldas Novas BRA"]
[Date "2011.11.20"]
[Round "3"]
[White "Gazikova, Veronika"]
[Black "Gueci, Tea"]
[Result "1/2-1/2"]
[WhiteElo "1925"]
[BlackElo "1754"]
[PlyCount "87"]
[EventDate "2011.11.18"]

1. e4 c5 2. Nc3 a6 3. f4 b5 4. a3 Bb7 5. d3 e6 6. Nf3 Nf6 7. g3 Be7 8. Bg2 d5
9. e5 Nfd7 10. O-O Nc6 11. Qe2 O-O 12. Bd2 Qb6 13. Kh1 Rfe8 14. Rac1 b4 15.
axb4 cxb4 16. Nd1 Nc5 17. Ne3 b3 18. c3 Red8 19. f5 exf5 20. Nxf5 Ne6 21. d4 a5
22. Qe3 Ba6 23. Rf2 a4 24. Nxe7+ Nxe7 25. Ng5 Nxg5 26. Qxg5 Ng6 27. Ra1 Bb5 28.
h4 Qe6 29. Kh2 Bd7 30. h5 h6 31. Qe3 Ne7 32. Raf1 Rf8 33. Bc1 Nc6 34. Rf4 Rab8
35. R1f2 Na5 36. Bf1 Nc4 37. Bxc4 dxc4 38. g4 Bc6 39. Kg3 Qd5 40. R4f3 Qb5 41.
Rf5 Qd5 42. R5f3 Qb5 43. Rf5 Qd5 44. R5f3 1/2-1/2

[Event "C.to Mondiale U12 femminile"]
[Site "Caldas Novas BRA"]
[Date "2011.11.20"]
[Round "4"]
[White "Gueci, Tea"]
[Black "Rodriguez, Sofia"]
[Result "1-0"]
[WhiteElo "1754"]
[BlackElo "1870"]
[PlyCount "63"]
[EventDate "2011.11.18"]

1. e4 c5 2. Nf3 d6 3. d4 cxd4 4. Nxd4 Nf6 5. Nc3 a6 6. Bc4 e6 7. Bb3 Nbd7 8.
Bg5 Nc5 9. Qf3 Be7 10. O-O Qc7 11. a3 b5 12. Qe2 Bb7 13. f3 O-O 14. Ba2 Rac8
15. Kh1 h6 16. Bd2 Rfd8 17. b4 Ncd7 18. Bxe6 fxe6 19. Nxe6 Qc6 20. Nxd8 Bxd8
21. Qf2 Ne5 22. Qg3 Kh7 23. a4 Bb6 24. Qh4 Nfd7 25. axb5 axb5 26. Rad1 Nc4 27.
Nd5 Bd8 28. Qh3 Ndb6 29. Qf5+ Kg8 30. Qe6+ Kh8 31. Bc3 Nxd5 32. Qxh6+ 1-0

[Event "C.to Mondiale U12 femminile"]
[Site "Caldas Novas BRA"]
[Date "2011.11.22"]
[Round "5"]
[White "Zhou, Qiyu"]
[Black "Gueci, Tea"]
[Result "0-1"]
[WhiteElo "1726"]
[BlackElo "1754"]
[PlyCount "104"]
[EventDate "2011.11.18"]

1. e4 c5 2. Nf3 d6 3. d4 cxd4 4. Nxd4 Nf6 5. Nc3 a6 6. Bc4 e6 7. Bb3 b5 8. O-O
Be7 9. Qf3 Qc7 10. Qg3 Nc6 11. Be3 Nxd4 12. Bxd4 O-O 13. f3 Bb7 14. Rad1 Bc6
15. Bxf6 Bxf6 16. Qxd6 Qb6+ 17. Kh1 Rfd8 18. Qf4 Bd4 19. a3 a5 20. Qc1 a4 21.
Ba2 b4 22. axb4 Qxb4 23. Rd3 a3 24. bxa3 Qa5 25. Ne2 Bc5 26. Rxd8+ Rxd8 27. Rd1
Rxd1+ 28. Qxd1 Qxa3 29. Bb3 h6 30. Nd4 Ba4 31. Bxa4 Qxa4 32. Nb3 Be7 33. g3 Bf6
34. Qd3 Qa2 35. c4 Qf2 36. c5 Be7 37. c6 Bd6 38. Nd4 Bc7 39. Qd1 Bb6 40. Nb3 h5
41. Nd4 g6 42. Nb3 h4 43. c7 Bxc7 44. Nd4 hxg3 45. hxg3 Bb6 46. Nb3 Qxg3 47.
Qf1 Qh4+ 48. Kg2 Bc7 49. Qh1 Qg5+ 50. Kf2 Bb6+ 51. Ke1 Qe3+ 52. Kd1 Qxb3+ 0-1

[Event "C.to Mondiale U12 femminile"]
[Site "Caldas Novas BRA"]
[Date "2011.11.23"]
[Round "6"]
[White "Abdumalik, Zhansaya"]
[Black "Gueci, Tea"]
[Result "1-0"]
[WhiteElo "2109"]
[BlackElo "1754"]
[PlyCount "147"]
[EventDate "2011.11.18"]

1. e4 c5 2. Nf3 d6 3. d4 cxd4 4. Nxd4 Nf6 5. Nc3 a6 6. Bg5 e6 7. f4 Nc6 8. Nb3
Be7 9. Qf3 O-O 10. O-O-O Qc7 11. Kb1 b5 12. Bd3 Bb7 13. g4 b4 14. Ne2 a5 15.
Qh3 Ba6 16. Bxa6 Rxa6 17. Qd3 Qa7 18. Nbd4 Nxg4 19. Bxe7 Nxe7 20. Rhg1 Nf6 21.
Nb5 Qb6 22. Nxd6 Rd8 23. e5 Nf5 24. Nc4 Rxd3 25. Nxb6 Rxd1+ 26. Rxd1 Nd5 27.
Nxd5 exd5 28. Rxd5 h5 29. Rd1 Ne3 30. Rg1 Rc6 31. c3 bxc3 32. bxc3 Rc4 33. Kb2
Ng4 34. Nd4 Ne3 35. Rg3 Nd5 36. Kb3 Rc5 37. Rf3 Nb6 38. Kc2 a4 39. Kd3 Nd5 40.
Ne2 Nb6 41. Nd4 Nd5 42. Kd2 Nb6 43. Nc2 Kf8 44. Nb4 Ke7 45. Rd3 Nc4+ 46. Ke2
Ke6 47. Nc2 g6 48. Nd4+ Ke7 49. h4 Nb2 50. Rd2 Nc4 51. Rd1 Nb2 52. Rb1 a3 53.
Rc1 Na4 54. Kd3 Nb2+ 55. Kc2 Ke8 56. Rf1 Ke7 57. Kb3 Nc4 58. Rf2 Ne3 59. Kb4
Rc4+ 60. Kb3 Rc5 61. Rf3 Nc4 62. Kb4 Rc8 63. Rd3 Nb2 64. Re3 Nc4 65. Rg3 Kd7
66. Nb5 Ke6 67. Rd3 Nb2 68. Rd4 Rb8 69. c4 Rc8 70. c5 Ke7 71. Rd6 Ra8 72. Nxa3
Rxa3 73. Kxa3 Nc4+ 74. Kb4 1-0

[Event "C.to Mondiale U12 femminile"]
[Site "Caldas Novas BRA"]
[Date "2011.11.24"]
[Round "7"]
[White "Gueci, Tea"]
[Black "Tohirjonova, Gulruhbegim"]
[Result "0-1"]
[WhiteElo "1754"]
[BlackElo "1858"]
[PlyCount "108"]
[EventDate "2011.11.18"]

1. e4 e5 2. Nf3 Nc6 3. d4 exd4 4. Nxd4 Nf6 5. Nc3 Bb4 6. Nxc6 bxc6 7. Bd3 d5 8.
exd5 cxd5 9. O-O O-O 10. Bg5 c6 11. Qf3 Be7 12. Rfe1 Re8 13. h3 Be6 14. Ne2 Nd7
15. Bxe7 Qxe7 16. Nd4 Qd6 17. Rad1 Rab8 18. b3 Nf6 19. c3 a5 20. Bf5 Qd7 21. c4
c5 22. cxd5 cxd4 23. dxe6 fxe6 24. Be4 Rbc8 25. Qd3 Red8 26. Qa6 Rc5 27. Bd3 e5
28. b4 axb4 29. Qb6 Rdc8 30. Qxb4 Kh8 31. Qb1 g6 32. Qb2 Qc6 33. Qe2 Ra8 34.
Rb1 Qd5 35. Rb2 Re8 36. Rb6 Kg7 37. f3 Nh5 38. Qb2 Nf4 39. Rb7+ Kh8 40. Be4 Qd8
41. g3 Qg5 42. Kh2 d3 43. h4 Qf6 44. Rc1 Rec8 45. Rxc5 Rxc5 46. Rb8+ Kg7 47.
Rb7+ Kh6 48. Bxd3 Nxd3 49. Qd2+ Nf4 50. gxf4 Qxh4+ 51. Kg2 exf4 52. Kf1 Qh1+
53. Ke2 Qg2+ 54. Kd1 Qf1+ 0-1

[Event "C.to Mondiale U14"]
[Site "Caldas Novas BRA"]
[Date "2011.11.18"]
[Round "1"]
[White "Pescatore, Lorenzo"]
[Black "Leal, Jorge"]
[Result "1/2-1/2"]
[WhiteElo "2183"]
[BlackElo "1777"]
[PlyCount "188"]
[EventDate "2011.11.18"]

1. e4 c5 2. c3 e6 3. d4 d5 4. exd5 exd5 5. Nf3 Nf6 6. Bg5 Be7 7. dxc5 Ne4 8.
Bxe7 Qxe7 9. Be2 Qxc5 10. O-O Nd7 11. Nbd2 Ndf6 12. Nb3 Qb6 13. a4 O-O 14. a5
Qc7 15. Qd4 Be6 16. Ne5 b6 17. axb6 axb6 18. f3 Nc5 19. Nd2 Bf5 20. f4 Nfe4 21.
Rxa8 Rxa8 22. Ndf3 Qd6 23. c4 f6 24. Nd3 dxc4 25. Nxc5 Qxc5 26. Bxc4+ Kf8 27.
Rd1 Bg4 28. Qxc5+ Nxc5 29. h3 Be6 30. Bxe6 Nxe6 31. Rd6 Nxf4 32. Rxb6 Nd3 33.
Nd4 Ra2 34. Rb7 g6 35. Ne6+ Ke8 36. b4 Re2 37. Nd4 Rb2 38. b5 Nf4 39. Rxh7
Rxg2+ 40. Kf1 Rb2 41. Rg7 Nxh3 42. Ne6 Ng5 43. Nc5 Kd8 44. b6 Kc8 45. Rc7+ Kd8
46. Rc6 Ke7 47. b7 Nf3 48. Rc7+ Kd6 49. Na6 Ne5 50. Rg7 Nc6 51. Nc7 Nb8 52.
Ne8+ Kc6 53. Rc7+ Kb6 54. Rf7 Rd2 55. Nxf6 Ra2 56. Ne4 Rc2 57. Nd6 Rc7 58. Rf8
Rxb7 59. Nxb7 Kxb7 60. Rf6 Nc6 61. Rxg6 Kb6 62. Ke2 Kc5 63. Rg5+ Kd4 64. Rg4+
Kd5 65. Ke3 Ne7 66. Rg5+ Kc4 67. Ke4 Nc6 68. Rg1 Kc5 69. Rd1 Nb4 70. Rd8 Nc6
71. Rd7 Kc4 72. Rd1 Kc5 73. Rd5+ Kc4 74. Rh5 Ne7 75. Rh6 Kc5 76. Rh7 Kd6 77.
Rg7 Nc6 78. Rg5 Ne7 79. Re5 Nc6 80. Rd5+ Ke6 81. Rd2 Ne7 82. Rg2 Kd6 83. Rd2+
Ke6 84. Kd4 Nf5+ 85. Kc5 Ke5 86. Re2+ Kf6 87. Kd5 Ne7+ 88. Kd6 Nf5+ 89. Kd7 Nd4
90. Re4 Nf5 91. Re6+ Kg5 92. Re1 Kf6 93. Re4 Ng3 94. Rf4+ Ke5 1/2-1/2

[Event "C.to Mondiale U14"]
[Site "Caldas Novas BRA"]
[Date "2011.11.20"]
[Round "3"]
[White "Oparin, Grigoriy"]
[Black "Pescatore, Lorenzo"]
[Result "1-0"]
[WhiteElo "2476"]
[BlackElo "2183"]
[PlyCount "175"]
[EventDate "2011.11.18"]

1. e4 c5 2. Nf3 g6 3. d4 cxd4 4. Nxd4 Nc6 5. c4 Nf6 6. Nc3 d6 7. Be2 Nxd4 8.
Qxd4 Bg7 9. Be3 O-O 10. Qd2 a5 11. O-O a4 12. f3 Qa5 13. Rac1 Be6 14. Nd5 Qxd2
15. Bxd2 Bxd5 16. cxd5 Nd7 17. Rc7 Nc5 18. Rb1 Rfc8 19. Rxc8+ Rxc8 20. Bb5 Ra8
21. Kf1 Bd4 22. Ke2 Kg7 23. Bg5 Bf6 24. Be3 Ra5 25. Bc4 b5 26. Bd2 Ra8 27. Bxb5
Rb8 28. Bc6 Rxb2 29. Rxb2 Bxb2 30. Bg5 f6 31. Be3 a3 32. Kd2 Nb3+ 33. Kd1 Nd4
34. Ba4 Bc3 35. Bc1 Bb2 36. Bf4 Bc3 37. Bd2 Bb2 38. Be1 Kf7 39. Kd2 e5 40.
dxe6+ Ke7 41. Kd3 Nxe6 42. Kc4 g5 43. Bb4 Nc5 44. Bc6 Ke6 45. Bd5+ Ke5 46. Bd2
f5 47. exf5 Kxf5 48. Bc6 h5 49. g3 Kf6 50. Ba5 Kf5 51. Be1 Be5 52. Bb5 h4 53.
Kd5 hxg3 54. hxg3 Nb3 55. Bd3+ Kf6 56. Bb4 Nc1 57. Bc4 Bxg3 58. Ke4 d5+ 59.
Bxd5 Ne2 60. Bc4 Nf4 61. Bxa3 Ne6 62. Bb4 Bf2 63. Bc3+ Ke7 64. Bxe6 Kxe6 65. a4
Kd6 66. Bd4 Be1 67. Be3 Kc6 68. Bxg5 Kc5 69. Be7+ Kc4 70. f4 Bc3 71. f5 Bg7 72.
a5 Kb5 73. Bd8 Ka6 74. Kd5 Kb5 75. Ke6 Ka6 76. Bc7 Kb5 77. Be5 Bf8 78. Bc3 Bh6
79. f6 Bf8 80. f7 Kc6 81. Kf6 Kb5 82. Kg6 Ka6 83. Kh7 Bd6 84. Kg8 Kb5 85. Bg7
Kxa5 86. Bf8 Bf4 87. Bb4+ Kxb4 88. f8=Q+ 1-0

[Event "C.to Mondiale U14"]
[Site "Caldas Novas BRA"]
[Date "2011.11.20"]
[Round "4"]
[White "Pescatore, Lorenzo"]
[Black "Krsnik Cohar, Ivan Vihor"]
[Result "1-0"]
[WhiteElo "2183"]
[BlackElo "1937"]
[PlyCount "79"]
[EventDate "2011.11.18"]

1. e4 d5 2. exd5 Qxd5 3. Nc3 Qe5+ 4. Be2 c6 5. d4 Qc7 6. Nf3 Bf5 7. Ne5 e6 8.
g4 Bg6 9. h4 f6 10. Nxg6 hxg6 11. Bd3 f5 12. Qe2 Qf7 13. Bc4 Kd7 14. Bf4 Bd6
15. Bxd6 Kxd6 16. Qe5+ Kd7 17. gxf5 gxf5 18. Rg1 Rh7 19. O-O-O Ne7 20. Rde1 Nd5
21. Ne2 Na6 22. Bxa6 bxa6 23. c4 Nc7 24. Nf4 Re8 25. Nd3 Qe7 26. Rg5 Kc8 27.
Reg1 Rxh4 28. Rxg7 Qd8 29. Nc5 Rhh8 30. Rf7 Rhf8 31. Rh7 Re7 32. Rgg7 Rxg7 33.
Qxg7 Rg8 34. Qf7 Re8 35. Nxa6 Qg5+ 36. Kc2 Re7 37. Qxe7 Qxe7 38. Rxe7 Nxa6 39.
Rxe6 Kd8 40. a3 1-0

[Event "C.to Mondiale U14"]
[Site "Caldas Novas BRA"]
[Date "2011.11.22"]
[Round "5"]
[White "Haavamae, Henrik"]
[Black "Pescatore, Lorenzo"]
[Result "1/2-1/2"]
[WhiteElo "1946"]
[BlackElo "2183"]
[PlyCount "111"]
[EventDate "2011.11.18"]

1. e4 c5 2. Nf3 g6 3. d4 cxd4 4. Nxd4 Nc6 5. Nc3 Bg7 6. Be3 Nf6 7. Bc4 O-O 8.
Bb3 a5 9. f3 d5 10. Bxd5 Nxd5 11. Nxd5 f5 12. Nxc6 bxc6 13. Nb6 Rb8 14. Qxd8
Rxd8 15. O-O fxe4 16. Rfd1 Be6 17. fxe4 Bxb2 18. Rab1 Rxd1+ 19. Rxd1 Bxa2 20.
c4 a4 21. Nd7 Rb3 22. Kf2 a3 23. Nc5 Rc3 24. Bh6 Rc2+ 25. Kf3 Bg7 26. Bxg7 Kxg7
27. Rd3 Bxc4 28. Rxa3 Be2+ 29. Ke3 Bg4 30. Nd3 Rxg2 31. Ne5 Be6 32. Nxc6 Rxh2
33. Ra7 Bg4 34. Rxe7+ Kf8 35. Ra7 g5 36. Ne5 Be6 37. Ra6 Ke7 38. Nf3 Rh3 39.
Kf2 h6 40. Ra7+ Kf6 41. Ra6 Ke7 42. Nd4 Bc8 43. Ra8 Rc3 44. Ra7+ Kf6 45. Ra5
Rd3 46. e5+ Ke7 47. Rd5 Kf7 48. Rd6 g4 49. e6+ Kf6 50. Rd8 g3+ 51. Kg1 Bxe6 52.
Nxe6 Ra3 53. Nc5 Kf5 54. Rd3 Rxd3 55. Nxd3 Kg4 56. Kg2 1/2-1/2

[Event "C.to Mondiale U14"]
[Site "Caldas Novas BRA"]
[Date "2011.11.24"]
[Round "7"]
[White "Fuentes Parra, Victor Ignacio"]
[Black "Pescatore, Lorenzo"]
[Result "0-1"]
[WhiteElo "1972"]
[BlackElo "2183"]
[PlyCount "112"]
[EventDate "2011.11.18"]

1. e4 e5 2. Nf3 Nc6 3. d4 exd4 4. Nxd4 Bc5 5. Be3 Qf6 6. Nb5 Bxe3 7. fxe3 Qh4+
8. g3 Qd8 9. Qg4 g5 10. N1c3 d6 11. Qe2 a6 12. Nd4 Ne5 13. h3 Ne7 14. Nd5 c5
15. Nf3 Nxd5 16. exd5 Qf6 17. Bg2 g4 18. Nh4 Bd7 19. Qf2 Qxf2+ 20. Kxf2 f5 21.
Bf1 O-O 22. Ng2 gxh3 23. Nf4 Ng4+ 24. Kf3 Rae8 25. Re1 h2 26. Bh3 Re7 27. Bxg4
fxg4+ 28. Kf2 Bf5 29. c4 b5 30. cxb5 axb5 31. Rxh2 Ra8 32. a3 Kg7 33. Rh5 Re5
34. Rg5+ Kf6 35. Rh5 Bg6 36. Rxe5 Kxe5 37. Nxg6+ hxg6 38. e4 Ra4 39. Rh1 Rxe4
40. Rh6 Kf6 41. Rh8 Rd4 42. Rb8 Rd2+ 43. Ke1 Rxb2 44. a4 b4 45. Kd1 Ke5 46. a5
Ra2 47. Ra8 Kxd5 48. a6 Kc6 49. Rg8 Rxa6 50. Rxg6 b3 51. Kc1 Ra4 52. Kb2 Rb4
53. Rg8 c4 54. Rc8+ Kd5 55. Re8 c3+ 56. Kb1 Re4 0-1

[Event "C.to Mondiale U14 femminile"]
[Site "Caldas Novas BRA"]
[Date "2011.11.20"]
[Round "3"]
[White "Gueci, Laura"]
[Black "Arguello Vinueza, Bertha"]
[Result "0-1"]
[WhiteElo "1809"]
[BlackElo "1646"]
[PlyCount "58"]
[EventDate "2011.11.18"]

1. e4 d6 2. d4 g6 3. Nc3 Nc6 4. h3 Bg7 5. Nf3 e5 6. Bg5 f6 7. Be3 Nge7 8. d5
Nb8 9. Qd2 O-O 10. Be2 Nd7 11. Nh2 a6 12. a4 b6 13. O-O f5 14. Bg5 f4 15. Ng4
Nf6 16. Nxf6+ Bxf6 17. Bxf6 Rxf6 18. b4 Qe8 19. a5 b5 20. Na2 g5 21. Qd1 Qg6
22. Re1 Bd7 23. c4 bxc4 24. Bf3 Raf8 25. Rc1 g4 26. Bxg4 f3 27. g3 Bxg4 28.
hxg4 Qxg4 29. Re3 Qh5 0-1

[Event "C.to Mondiale U14 femminile"]
[Site "Caldas Novas BRA"]
[Date "2011.11.22"]
[Round "5"]
[White "Gueci, Laura"]
[Black "Borsato, Ana Carolina Teodoro"]
[Result "1/2-1/2"]
[WhiteElo "1809"]
[BlackElo "1666"]
[PlyCount "103"]
[EventDate "2011.11.18"]

1. e4 e5 2. Nf3 Nc6 3. d4 exd4 4. Nxd4 Bc5 5. Be3 Qf6 6. c3 Bb6 7. g3 Qg6 8.
Bg2 Nf6 9. O-O Ng4 10. Bc1 d6 11. Na3 Qf6 12. h3 Nge5 13. Be3 Nxd4 14. cxd4 Nc6
15. Nc2 Bd7 16. Qd2 h6 17. f4 Qg6 18. Kh2 f5 19. e5 dxe5 20. d5 Nd4 21. Bxd4
exd4 22. Rfe1+ Kf7 23. Nxd4 Rhe8 24. Nf3 Kg8 25. Ne5 Qd6 26. Rac1 Rad8 27. Nc4
Qg6 28. Nxb6 Qxb6 29. Qc3 c6 30. Re5 Rc8 31. Rce1 cxd5 32. Rxe8+ Rxe8 33. Rxe8+
Bxe8 34. Bxd5+ Kh7 35. Qc2 Bg6 36. Qg2 Qa5 37. a3 b6 38. Ba2 Qc5 39. Qd2 Be8
40. b4 Qb5 41. Be6 Bg6 42. Qc2 a5 43. bxa5 Qxa5 44. Qb2 Qe1 45. Ba2 Be8 46. Qc2
Bg6 47. Bb1 Qe3 48. a4 Qd4 49. Ba2 Qe3 50. Kg2 Qd4 51. Qb3 Qe4+ 52. Kf2 1/2-1/2

[Event "C.to Mondiale U14 femminile"]
[Site "Caldas Novas BRA"]
[Date "2011.11.24"]
[Round "7"]
[White "Rosales Murillo, Cristina"]
[Black "Gueci, Laura"]
[Result "1/2-1/2"]
[WhiteElo "1658"]
[BlackElo "1809"]
[PlyCount "105"]
[EventDate "2011.11.18"]

1. e4 c5 2. Nc3 d6 3. Nf3 Nf6 4. d4 cxd4 5. Nxd4 a6 6. Bc4 e6 7. Bb3 b5 8. a3
Be7 9. Be3 Qc7 10. Qe2 Nc6 11. Nxc6 Qxc6 12. f3 Bd7 13. O-O O-O 14. Rad1 Rac8
15. Bf2 Rfd8 16. f4 Qb7 17. e5 Ne8 18. Bd4 dxe5 19. fxe5 Bc6 20. Qf2 Bf8 21.
Bxe6 Rc7 22. Bb3 Rxd4 23. Rxd4 Bc5 24. e6 f6 25. Ne2 Re7 26. Qg3 Bd5 27. Kh1
Bxd4 28. Nxd4 Bxb3 29. Qxb3 Nd6 30. Rd1 Ne4 31. Qf3 Qd5 32. c3 Rxe6 33. Nxe6
Qxd1+ 34. Qxd1 Nf2+ 35. Kg1 Nxd1 36. Nc7 Nxb2 37. Nxa6 Na4 38. Nb4 Nxc3 39. Kf2
Kf7 40. Ke3 f5 41. Kd3 Nb1 42. Nc2 Ke7 43. Kd4 Kd6 44. g3 g5 45. h4 f4 46. gxf4
gxh4 47. Ke3 h5 48. Kf2 Kd5 49. Kg2 Ke4 50. Kh3 Kxf4 51. Nd4 Nxa3 52. Nxb5 Nxb5
53. Kxh4 1/2-1/2

[Event "C.to Mondiale U16"]
[Site "Caldas Novas BRA"]
[Date "2011.11.18"]
[Round "1"]
[White "San Pedro Morales, Marco A."]
[Black "De Filomeno, Simone"]
[Result "0-1"]
[WhiteElo "1871"]
[BlackElo "2299"]
[PlyCount "59"]
[EventDate "2011.11.18"]

1. d4 d5 2. c4 c6 3. Nc3 Nf6 4. Nf3 e6 5. Bg5 dxc4 6. e4 b5 7. Bxf6 Qxf6 8. Be2
Bb4 9. O-O Bb7 10. Ne5 O-O 11. Qc2 a6 12. h4 c5 13. a3 Bxc3 14. Qxc3 cxd4 15.
Qxd4 Rd8 16. Qe3 Nc6 17. Qb6 Nxe5 18. Qxb7 Nd3 19. e5 Qf5 20. Bxd3 cxd3 21.
Rad1 h6 22. Rd2 Rac8 23. g3 Rc2 24. Rfd1 Qh5 25. Qb6 Rd5 26. Qe3 Rxb2 27. Qe4
Rc2 28. Qe3 Qg4 29. Kh1 h5 30. Rf1 0-1

[Event "C.to Mondiale U16"]
[Site "Caldas Novas BRA"]
[Date "2011.11.19"]
[Round "2"]
[White "De Filomeno, Simone"]
[Black "Rozo, Paulo"]
[Result "1-0"]
[WhiteElo "2299"]
[BlackElo "2111"]
[PlyCount "55"]
[EventDate "2011.11.18"]

1. e4 e5 2. Nf3 Nc6 3. Bb5 Nd4 4. Nxd4 exd4 5. Be2 d5 6. d3 dxe4 7. dxe4 Be6 8.
O-O Bc5 9. c3 Nf6 10. e5 Ne4 11. Bf3 Bf5 12. Qe1 Ng5 13. Bxb7 Rb8 14. Bc6+ Kf8
15. Qd1 Ne6 16. Nd2 dxc3 17. bxc3 Qd3 18. Qf3 Ke7 19. Nb3 Qxf3 20. Bxf3 Bb6 21.
Bc6 f6 22. exf6+ Kxf6 23. Bb2 a5 24. Rfe1 Rhf8 25. c4+ Kg5 26. Ba3 Rf7 27. c5
Ba7 28. Bd5 1-0

[Event "C.to Mondiale U16"]
[Site "Caldas Novas BRA"]
[Date "2011.11.20"]
[Round "4"]
[White "De Filomeno, Simone"]
[Black "Dragun, Kamil"]
[Result "0-1"]
[WhiteElo "2299"]
[BlackElo "2424"]
[PlyCount "95"]
[EventDate "2011.11.18"]

1. e4 c5 2. Nf3 d6 3. d4 cxd4 4. Qxd4 Nc6 5. Bb5 Bd7 6. Bxc6 Bxc6 7. c4 Nf6 8.
Nc3 g6 9. O-O Bg7 10. Bd2 O-O 11. Qe3 a6 12. h3 Nd7 13. Rac1 Qb6 14. Qxb6 Nxb6
15. Nd5 Bxd5 16. cxd5 Rfc8 17. b3 Bb2 18. Rcd1 Nd7 19. Bc1 Rc2 20. Bxb2 Rxb2
21. Rd2 Rxd2 22. Nxd2 Rc8 23. Nc4 b5 24. Na5 Rc2 25. Nc6 Kf8 26. Nb4 Re2 27.
Nxa6 Rxa2 28. Nc7 b4 29. Rc1 Nc5 30. Rc4 Ra1+ 31. Kh2 Ra7 32. Nb5 Rb7 33. Nd4
Nxe4 34. Nc6 Nxf2 35. Rd4 f5 36. Rxb4 Rxb4 37. Nxb4 Ne4 38. Na6 Nc5 39. Nxc5
dxc5 40. g4 Kf7 41. gxf5 gxf5 42. Kg3 Kf6 43. Kf4 h6 44. h4 h5 45. Kf3 Ke5 46.
Ke3 Kxd5 47. Kf4 e5+ 48. Ke3 0-1

[Event "C.to Mondiale U16"]
[Site "Caldas Novas BRA"]
[Date "2011.11.22"]
[Round "5"]
[White "Flermoen, Peter"]
[Black "De Filomeno, Simone"]
[Result "1/2-1/2"]
[WhiteElo "2224"]
[BlackElo "2299"]
[PlyCount "144"]
[EventDate "2011.11.18"]

1. e4 c5 2. Nf3 Nc6 3. d4 cxd4 4. Nxd4 g6 5. c4 Bg7 6. Be3 Nf6 7. Nc3 O-O 8.
Be2 d6 9. O-O Bd7 10. Rc1 Nxd4 11. Bxd4 Bc6 12. f3 Nd7 13. b4 Bxd4+ 14. Qxd4
Qb6 15. Qxb6 Nxb6 16. Nd5 Bxd5 17. cxd5 Rac8 18. Kf2 Na4 19. Bb5 Nc3 20. Bd7
Rc7 21. Bh3 a5 22. b5 Nxb5 23. Ke3 Rb8 24. a4 Rc3+ 25. Kd2 Rxc1 26. Rxc1 Nd4
27. Rc7 Nb3+ 28. Kc2 Nc5 29. Rxe7 Nxa4 30. f4 b5 31. e5 b4 32. exd6 b3+ 33. Kb1
Nc3+ 34. Kb2 Nd1+ 35. Kb1 a4 36. Re1 Nc3+ 37. Kb2 Nxd5 38. d7 Kf8 39. Rd1 a3+
40. Kxa3 b2 41. g3 Kg7 42. d8=Q Rxd8 43. Kxb2 Rb8+ 44. Kc1 Nc3 45. Rd3 Ne4 46.
Re3 Nf2 47. Bf1 Ra8 48. Kb1 Ra4 49. Be2 Ne4 50. Kc2 f5 51. Kb2 Kf6 52. Rd3 Ke6
53. Bd1 Ra6 54. Bb3+ Ke7 55. g4 Rd6 56. Rxd6 Nxd6 57. g5 Nb5 58. Bc4 Nd4 59.
Kc3 Nf3 60. h3 Ng1 61. Bf1 Kd6 62. Kd4 Nf3+ 63. Ke3 Ne1 64. h4 Kc5 65. Be2 Nc2+
66. Kd3 Nb4+ 67. Ke3 Nd5+ 68. Kf3 Nc3 69. Ba6 Nb5 70. Bc8 Nc7 71. h5 Nd5 72.
Be6 Ne7 1/2-1/2

[Event "C.to Mondiale U16"]
[Site "Caldas Novas BRA"]
[Date "2011.11.23"]
[Round "6"]
[White "De Filomeno, Simone"]
[Black "Idani, Pouya"]
[Result "0-1"]
[WhiteElo "2299"]
[BlackElo "2427"]
[PlyCount "74"]
[EventDate "2011.11.18"]

1. e4 e5 2. Nf3 Nc6 3. Bb5 a6 4. Ba4 Nf6 5. O-O Be7 6. Re1 b5 7. Bb3 O-O 8. h3
d6 9. c3 Na5 10. Bc2 c5 11. d4 Qc7 12. Nbd2 Bd7 13. Nf1 Rac8 14. d5 c4 15. g4
h5 16. N3h2 hxg4 17. hxg4 Nh7 18. Ng3 g6 19. Bh6 Rfe8 20. Qd2 Qd8 21. f4 exf4
22. Qxf4 Bg5 23. Bxg5 Nxg5 24. Qxd6 Nb7 25. Qxa6 Nh3+ 26. Kg2 Nf4+ 27. Kf3 Nc5
28. Qa7 Qh4 29. Kxf4 Qxh2 30. Re2 Qh4 31. Rg1 Bxg4 32. Rf2 Bf5+ 33. Ke3 Nxe4
34. Nxe4 Rxe4+ 35. Kd2 Qh6+ 36. Kd1 Bg4+ 37. Rxg4 Qh1+ 0-1

[Event "C.to Mondiale U16 femminile"]
[Site "Caldas Novas BRA"]
[Date "2011.11.18"]
[Round "1"]
[White "Movileanu, Daniela"]
[Black "Romero Galindo, Geraldine"]
[Result "1-0"]
[WhiteElo "2041"]
[BlackElo "1666"]
[PlyCount "77"]
[EventDate "2011.11.18"]

1. e4 e5 2. Nf3 Nc6 3. Bb5 a6 4. Ba4 Nf6 5. O-O b5 6. Bb3 d6 7. c3 Bg4 8. d3 h6
9. Nbd2 Be7 10. Re1 Na5 11. Bc2 Nh7 12. a4 c6 13. d4 O-O 14. h3 Bh5 15. g4 Bg6
16. dxe5 dxe5 17. Nxe5 Bd6 18. Ndf3 Bxe5 19. Qxd8 Raxd8 20. Nxe5 Nc4 21. Nxc6
Rd6 22. Ne7+ Kh8 23. Nxg6+ Rxg6 24. f4 Re8 25. axb5 axb5 26. b3 Nb6 27. Be3 Rc8
28. e5 Rgc6 29. Be4 Nd7 30. Bxc6 Rxc6 31. Red1 Nhf8 32. Ra8 Rxc3 33. Rxd7 Rxe3
34. Rxf8+ Kh7 35. Rdd8 Rxb3 36. f5 Rb1+ 37. Kg2 Rb2+ 38. Kg3 Rb3+ 39. Kh4 1-0

[Event "C.to Mondiale U16 femminile"]
[Site "Caldas Novas BRA"]
[Date "2011.11.19"]
[Round "2"]
[White "Anjana Krishna, S."]
[Black "Movileanu, Daniela"]
[Result "1/2-1/2"]
[WhiteElo "1858"]
[BlackElo "2041"]
[PlyCount "100"]
[EventDate "2011.11.18"]

1. d4 Nf6 2. Nf3 g6 3. e3 Bg7 4. Bd3 d6 5. O-O O-O 6. Nbd2 Nbd7 7. e4 c5 8. c3
a6 9. a4 b6 10. Re1 Qc7 11. Qe2 e5 12. dxe5 dxe5 13. Nf1 Bb7 14. Ng3 h6 15. b3
Rfd8 16. Bb2 Nb8 17. Rad1 Nc6 18. Bc2 Ne8 19. Nd2 Nd6 20. Nc4 Nxc4 21. Qxc4 Na5
22. Qe2 Rxd1 23. Rxd1 Rd8 24. h3 Bf8 25. Nf1 Rxd1 26. Qxd1 Bc6 27. Ne3 c4 28.
b4 Nb7 29. Bb1 a5 30. Ba3 Be8 31. Nc2 Qc6 32. bxa5 Qxa4 33. Bxf8 Kxf8 34. axb6
Qb5 35. Qc1 Kg7 36. Ne3 Qxb6 37. Kh2 Nc5 38. Qd2 Qb7 39. f3 Qc6 40. Ba2 Qa6 41.
Qe2 Nd3 42. Bb1 Nc1 43. Qf1 Nb3 44. Bc2 Nc5 45. Qe2 Nb7 46. Bb3 Nd6 47. Ba2 Qb5
48. Kg3 Qc5 49. Kh2 Nb5 50. Qd2 Nd4 1/2-1/2